ARCO 97 LATINO/ (Record no. 3423)

MARC details
000 -LEADER
campo de control de longitud fija 01092nam a22002897a 4500
003 - IDENTIFICADOR DE NÚMERO DE CONTROL
campo de control OSt
005 - FECHA Y HORA DE LA ÚLTIMA TRANSACCIÓN
campo de control 20230421115056.0
008 - DATOS DE LONGITUD FIJA--INFORMACIÓN GENERAL
campo de control de longitud fija 221006b |||||||| |||| 00| 0 eng d
040 ## - FUENTE DE CATALOGACIÓN
Centro/agencia transcriptor Biblioteca Lado V
082 ## - NÚMERO DE LA CLASIFICACIÓN DECIMAL DEWEY
Número de clasificación 700
Número de ítem Z39a
100 ## - ENTRADA PRINCIPAL--NOMBRE DE PERSONA
9 (RLIN) 802
Nombre de persona Zaya, Antonio
Término indicativo de función/relación editor
245 ## - MENCIÓN DEL TÍTULO
Título ARCO 97 LATINO/
260 ## - PUBLICACIÓN, DISTRIBUCIÓN, ETC.
Nombre del editor, distribuidor, etc. Artes Gráficas Danubio
Fecha de publicación, distribución, etc. 1996
Lugar de publicación, distribución, etc. España
300 ## - DESCRIPCIÓN FÍSICA
Dimensiones 20x20cm
Extensión 36p.
490 ## - MENCIÓN DE SERIE
Mención de serie 1
Designación de volumen o secuencia 1996
505 ## - NOTA DE CONTENIDO CON FORMATO
Nota de contenido con formato Editorial
505 ## - NOTA DE CONTENIDO CON FORMATO
Nota de contenido con formato El Arte Latino-Americano Deja de Serlo
505 ## - NOTA DE CONTENIDO CON FORMATO
Nota de contenido con formato Sin Titulo (En memoria de Felix Gonzalez-Torres)
505 ## - NOTA DE CONTENIDO CON FORMATO
Nota de contenido con formato Artistas Latinoamericanas: Un Modelo para entrar al Ideario de Necesidades
505 ## - NOTA DE CONTENIDO CON FORMATO
Nota de contenido con formato El Arte Latinoamericano: Un Dialogo con Patricia Phelps de Cisneros
650 ## - PUNTO DE ACCESO ADICIONAL DE MATERIA--TÉRMINO DE MATERIA
Fuente del encabezamiento o término Tesauro de Arte & Arquitectura
Término de materia o nombre geográfico como elemento de entrada ARTE
9 (RLIN) 703
650 ## - PUNTO DE ACCESO ADICIONAL DE MATERIA--TÉRMINO DE MATERIA
Fuente del encabezamiento o término Tesauro de Arte & Arquitectura
Término de materia o nombre geográfico como elemento de entrada EXPOSICIONES
650 ## - PUNTO DE ACCESO ADICIONAL DE MATERIA--TÉRMINO DE MATERIA
Fuente del encabezamiento o término Tesauro de Arte & Arquitectura
Término de materia o nombre geográfico como elemento de entrada LATINOAMERICA
650 ## - PUNTO DE ACCESO ADICIONAL DE MATERIA--TÉRMINO DE MATERIA
Fuente del encabezamiento o término Tesauro de Arte & Arquitectura
Término de materia o nombre geográfico como elemento de entrada ARTE CONTEMPORANEO
650 ## - PUNTO DE ACCESO ADICIONAL DE MATERIA--TÉRMINO DE MATERIA
Fuente del encabezamiento o término Tesauro de Arte & Arquitectura
Término de materia o nombre geográfico como elemento de entrada MUJERES ARTISTAS
942 ## - ELEMENTOS DE ENTRADA SECUNDARIOS (KOHA)
Fuente del sistema de clasificación o colocación Clasificación Decimal Dewey
Tipo de ítem Koha Libros
Parte de la signatura que corresponde a la clasificación (Parte de la clasificación) 700
Parte de la signatura que identifica el ejemplar (Parte del ítem) Z39a
Suprimir en OPAC No
Holdings
Estatus retirado Estado de pérdida Fuente del sistema de clasificación o colocación Especificación de materiales (volumen encuadernado u otra parte) Estado de daño No para préstamo Colección Biblioteca de origen Biblioteca actual Fecha de adquisición Enumeración/cronología de publicación seriada Número de inventario Total de préstamos Signatura topográfica completa Código de barras Visto por última vez Precio de reemplazo Tipo de ítem Koha
    Clasificación Decimal Dewey 1996     Revistas Biblioteca LadoV Biblioteca LadoV 21/04/2023 1 002423   700 Z39a 002423 21/04/2023 21/04/2023 Libros